000 00572nam a22001817a 4500
003 BD-ChCU
005 20260402110254.0
008 260402b bg ||||| |||| 00| 0 ben d
040 _cBD-ChCU
082 _aREF 547 TEC(2)
100 _aRiddick, John A. ed.
_921072
245 _aTechnique of organic chemistry :
_bOrganic solvents physical properties & methods of purification.//
_cRiddick, John A. ed.
250 _arev. 2nd ed.
260 _aNew York.
_bInterscience Pub.
_c1965
300 _avol. 7
650 0 _aChemistry - Organic.
_921073
942 _2ddc
_cBK
_n0
999 _c112011
_d112011